Ruby Redfort Characters - Statistics

General Stats
  • This quiz has been taken 514 times
  • The average score is 11 of 15
Answer Stats
Hint Answer % Correct
Main Character Ruby Redfort
100%
Her Best Friend Clancy Crew
96%
Her Butler Hitch
95%
Her Boss LB
94%
Her Mother Sabina Redfort
90%
Her Housekeeper Mrs Digby
89%
The Dracula-like Villain The Count
89%
Her Father Brant Redfort
88%
The baby-like Villain Babyface Marshall
86%
The Annoying Agent Miles Froghorn
63%
The Dead Hero Bradley Baker
60%
The Mushroom Lady Buzz
47%
The Disguiser Lorelei von Leyden
31%
The Texan Villain Valerie Capaldi
21%
Her Clumsy Friend Agent Blacker
16%
No matching quizzes found
Score Distribution
Percent of People with Each Score
Percentile by Number Answered
Your Score History
You have not taken this quiz